Vybrané metodiky objavovania poznatkov v databázach bakalárska práca

Na minha lista:
Detalhes bibliográficos
Autor principal: Fodorová, Skarleta
Autor Corporativo: Fakulta hospodárskej informatiky EU. Katedra aplikovanej informatiky
Outros Autores: Krauspe, Kamil
Formato: Livro
Idioma:eslovaco
Publicado em: Bratislava 2013
Tags: Adicionar Tag
Sem tags, seja o primeiro a adicionar uma tag!

MARC

LEADER 00000nbm a2200000 4500
001 0176334
005 20170209112646.0
041 0 |a slo 
044 |a SK 
245 1 0 |a Vybrané metodiky objavovania poznatkov v databázach  |b bakalárska práca  |c Skarleta Fodorová ; školiteľ: Kamil Krauspe 
264 1 |a Bratislava  |c 2013 
300 |a 47 s. 
100 1 |a Fodorová, Skarleta 
700 1 |a Krauspe, Kamil 
710 2 |a Fakulta hospodárskej informatiky EU. Katedra aplikovanej informatiky